000 00309nam a2200133Ia 4500
008 231129s2002||||xx |||||||||||||| ||spa||
020 _a12/1/59
040 _bspa
082 _a306 N118
245 0 _aNacion y sociedad contemporanea
260 _c2002
264 _aMinisterio de Cultura
942 _2ddc
_cBKS
999 _c21565
_d21565